Datum a čas kvízu

32.5 Celkem bodů Celkový počet nahraných bodů na tomto kvízu bez doplňovacích otázek.
2. Pořadí na kvízu Konečné umístění týmu na tomto kvízu.

Zaznamenané odpovědi

# Otázka Odpověď Body Výsledky
1. Ve středu schválila česká sněm... 6 bodů 0
2. Turistický spolek jisté země v... Mongolsko 0
3. Která česká kapela ve čtvrtek... Olympic 1
4. Na valné hromadě které společn... ČEZ 1
5. Napište jméno české atletky, k... Barbora Špotáková, Zlatá tretra 1
6. Název stavebnice pochází z dán... B 1
7. Na světě se v současnosti nach... do Německa 1
8. Svého ztvárnění z Lega se dočk... Terminátor 1
9. Speciální sady stavebnice krom... Bradavice 1
10. Mezi největší stavby, které lz... A 0